MARC

LEADER 00000nam0a2200000 4500
001 284157
005 20231101235652.0
035 |a (RuTPU)RU\TPU\book\308296 
090 |a 284157 
100 |a 20150212d1984 km y0rusy5003 ca 
101 0 |a rus 
102 |a RU 
105 |a a z 001zy 
200 1 |a Земля из космоса  |f С. С. Шульц  |g под ред. Г. Б. Гонина 
210 |a Ленинград  |c Недра  |d 1984 
215 |a 114 с.  |c ил. 
320 |a Библиогр.: с. 109-110 
320 |a Словарь терминов: с. 111-114 
606 1 |a Космические снимки  |2 stltpush  |3 (RuTPU)RU\TPU\subj\15862  |9 42067 
610 1 |a Земля 
610 1 |a атмосфера 
610 1 |a океаны 
610 1 |a моря 
610 1 |a вулканы 
610 1 |a горные хребты 
610 1 |a карты 
610 1 |a космические исследования 
610 1 |a библиотека А. Г. Стромберга 
675 |a 910.25:629.78  |v 4 
700 1 |a Шульц  |b С. С.  |g Сергей Сергеевич 
702 1 |a Гонин  |b Г. Б.  |4 340 
801 0 |a RU  |b RuMRKP  |c 19950704  |g psbo 
801 1 |a RU  |b 63413507  |c 20150212 
801 2 |a RU  |b 63413507  |c 20191121  |g RCR 
942 |c BK